000 00237 a2200097 4500
001 15019
100 _aYoung S.J
245 _athe testing of internal construction engine
260 _aLondon
_bHodder stoughton
_c
090 _c11774
_d11774
942 _aNUST-CAE
_cM
_c1974
999 _c250092
_d250092